Analýza dlhodobého majetku - praktický príklad
Finančná analýza dlhodobého majetku. Upravené účtovné výkazy spoločnosti. Horizontálna a vertikálna analýza dlhodobého majetku. Ukazovatele štruktúry majetku. Analýza pomocou pomerových ukazovateľov.
Salvato in:
| Autore principale: | |
|---|---|
| Natura: | Capitolo di libro |
| Lingua: | slovacco |
| Soggetti: | |
| Tags: |
Nessun Tag, puoi essere il primo ad aggiungerne!!
|
MARC
| LEADER | 00000naa a2200000 4500 | ||
|---|---|---|---|
| 001 | 0243070 | ||
| 005 | 20221104111049.3 | ||
| 041 | 0 | |a slo | |
| 044 | |a SK | ||
| 245 | 1 | 0 | |a Analýza dlhodobého majetku - praktický príklad |c Viera Bartošová |
| 520 | |a Finančná analýza dlhodobého majetku. Upravené účtovné výkazy spoločnosti. Horizontálna a vertikálna analýza dlhodobého majetku. Ukazovatele štruktúry majetku. Analýza pomocou pomerových ukazovateľov. | ||
| 610 | 2 | 0 | |a analýza finančná |
| 610 | 2 | 0 | |a majetok dlhodobý |
| 610 | 2 | 0 | |a výkazy účtovné |
| 610 | 2 | 0 | |a ukazovatele pomerové |
| 610 | 2 | 0 | |a podnikatelia |
| 610 | 2 | 0 | |a ukazovatele rentability |
| 100 | 1 | |a Bartošová, Viera | |